000 00422nam a2200157Ia 4500
008 210716s1994 xx 000 0 und d
020 _a8120305329
041 _aeng
082 _a621.3822 OPPA
100 _aOppenheim, Alan V; Schafer, Ronald W.
245 _aDigital signal processing.
250 _a1
260 _aNew Delhi
_bPrentice Hall of India PVt Ltd
_c1994
300 _axiv,585
650 _aDigital Systems
999 _c182872
_d182872